The history of the retriangulation of Great Britain 1935 - 1962 (Record no. 86553)

MARC details
000 -LEADER
fixed length control field 00525cam a2200193 4500
001 - CONTROL NUMBER
control field D7656
008 - FIXED-LENGTH DATA ELEMENTS--GENERAL INFORMATION
fixed length control field 090401t1967 xxu||||| |||| 00| 0 eng d
035 ## - SYSTEM CONTROL NUMBER
System control number (Sirsi) u8734
041 ## - LANGUAGE CODE
Language code of text/sound track or separate title eng
050 ## - LIBRARY OF CONGRESS CALL NUMBER
Classification number 526.330941
110 ## - MAIN ENTRY--CORPORATE NAME
Corporate name or jurisdiction name as entry element Ordnance Survey
9 (RLIN) 1860
245 #4 - TITLE STATEMENT
Title The history of the retriangulation of Great Britain 1935 - 1962
260 ## - PUBLICATION, DISTRIBUTION, ETC.
Place of publication, distribution, etc. London
Name of publisher, distributor, etc. HMSO
Date of publication, distribution, etc. 1967
300 ## - PHYSICAL DESCRIPTION
Extent 2v. ; 29cm
350 ## - PRICE (NR) (BK AM CF MU VM SE) [OBSOLETE]
Price 15.75
520 ## - SUMMARY, ETC.
Summary, etc. Volume II is a box containing a collection of 20 diagrams.
942 ## - ADDED ENTRY ELEMENTS (KOHA)
Suppress in OPAC 0
948 ## - LOCAL PROCESSING INFORMATION (OCLC); SERIES PART DESIGNATOR (RLIN)
c (OCLC) 04/03/1997
Holdings
Withdrawn status Lost status Source of classification or shelving scheme Damaged status Not for loan Home library Current library Shelving location Date acquired Cost, normal purchase price Total Checkouts Full call number Barcode Date last seen Copy number Cost, replacement price Price effective from Koha item type
    Dewey Decimal Classification     London London Basement 14/09/1999 15.75   SHELF 316 30004015 06/08/2019 1 15.75 06/08/2019 Book
    Dewey Decimal Classification     London London Basement 14/09/1999 15.75   SHELF 316 30008128 06/08/2019 2 15.75 06/08/2019 Book